Поверхностное разделение веществ (теория и методы)

מידע ביבליוגרפי
מחבר ראשי: Русанов А. И. Анатолий Иванович
מחברים אחרים: Левичев С. А. Станислав Анатольевич, Жаров В. Т. Владимир Тимофеевич
סיכום:Излагается теория методов разделения веществ, основанных на разнице составов поверхностного слоя и объемных фаз. Анализируются термодинамические уравнения и диаграммы процессов разделения как смесей химически не реагирующих веществ, так и смесей, в которых протекают химические реакции. Помимо описания аппаратуры приводятся результаты исследований по пенному разделению различных классов химических соединений, а также рассматриваются вопросы очистки веществ от малых примесей, выделения и разделения примесей. Для научных и инженерно-технических работников, аспирантов и студентов химических специальностей, занимающихся проблемами поверхностных явлений и вопросами разделения веществ.
שפה:רוסית
יצא לאור: Ленинград, Химия, 1981
נושאים:
פורמט: ספר
KOHA link:https://koha.lib.tpu.ru/cgi-bin/koha/opac-detail.pl?biblionumber=268288

MARC

LEADER 00000nam0a2200000 4500
001 268288
005 20231101234143.0
035 |a (RuTPU)RU\TPU\book\291439 
090 |a 268288 
100 |a 20140901d1981 km y0rusy50 ca 
101 0 |a rus 
102 |a RU 
105 |a a z 001zy 
200 1 |a Поверхностное разделение веществ (теория и методы)  |f А. И. Русанов, С. А. Левичев, В. Т. Жаров 
210 |a Ленинград  |c Химия  |d 1981 
215 |a 184 с.  |c ил. 
320 |a Библиогр.: с. 173-182 
330 |a Излагается теория методов разделения веществ, основанных на разнице составов поверхностного слоя и объемных фаз. Анализируются термодинамические уравнения и диаграммы процессов разделения как смесей химически не реагирующих веществ, так и смесей, в которых протекают химические реакции. Помимо описания аппаратуры приводятся результаты исследований по пенному разделению различных классов химических соединений, а также рассматриваются вопросы очистки веществ от малых примесей, выделения и разделения примесей. Для научных и инженерно-технических работников, аспирантов и студентов химических специальностей, занимающихся проблемами поверхностных явлений и вопросами разделения веществ. 
606 1 |a Гидромеханические процессы  |2 stltpush  |3 (RuTPU)RU\TPU\subj\31556  |9 54382 
610 1 |a теория 
610 1 |a методы 
610 1 |a поверхностное разделение 
610 1 |a поверхностные явления 
610 1 |a поверхностные слои 
610 1 |a химические реакции 
610 1 |a динамические условия 
610 1 |a пенное разделение 
610 1 |a аппаратура 
675 |a 66.06  |v 3 
700 1 |a Русанов  |b А. И.  |g Анатолий Иванович 
701 1 |a Левичев  |b С. А.  |g Станислав Анатольевич 
701 1 |a Жаров  |b В. Т.  |g Владимир Тимофеевич 
801 1 |a RU  |b 63413507  |c 20140901 
801 2 |a RU  |b 63413507  |c 20221209  |g RCR 
942 |c BK